000 00296nam a2200109Ia 4500
008 230320s9999||||xx |||||||||||||| ||spa||
082 _a868.6/F81
100 _aFrancia, Alfonso
245 0 _aMadre Tierra, Yo Te Adoro : Poemas Para Evangelizar
260 _bAsociación Civil TVP
942 _80
_cLIB
999 _c46656
_d46656